000 00320nam a2200145 i 4500
001 bg
100 1 _aCHODAKOV, G. S.
245 0 _aFizika izmelcenija /
_cG.S. Chodakov.
260 _aMoskva,
_c1972.
040 _cBPK
041 _apol
080 _a532,6
942 _cKS
008 s pl f |000 0 pol
999 _c15339
_d15339
856 _uhttp://koha.tu.koszalin.pl/cgi-bin/koha/opac-detail.pl?biblionumber=15339
_yKatalog online BPK